[Event "CP-2012-Q-00013"]
[Site "LSS email"]
[Date "2013.12.17"]
[Round "?"]
[White "Jarabinsky, Martin"]
[Black "Yap, Sebastian"]
[Result "1/2-1/2"]
[WhiteElo "2126"]
[BlackElo "1619"]
[PlyCount "94"]
[EventDate "2013.12.22"]
[EventType "tourn (corr)"]
[EventRounds "6"]
[EventCountry "GER"]
[SourceTitle "Corr 2015"]
[Source "ChessBase"]
[SourceDate "2015.07.17"]
[SourceVersion "1"]
[SourceVersionDate "2015.07.17"]
[SourceQuality "1"]

1. e4 c5 2. Nf3 Nc6 3. Bb5 g6 4. 0-0 Bg7 5. Nc3 Nd4 6. Ba4 Qa5 7. Rb1 b5 8. Nxd4 bxa4 9. Nf3 d6 10. d3 Nf6 11. e5 dxe5 12. Nxe5 Bb7 13. Bd2 Qc7 14. Re1 0-0 15. Nxa4 Nd5 16. Nc4 Nb6 17. Nc3 Nxc4 18. dxc4 Rfd8 19. Qe2 Rd7 20. f3 Rad8 21. Nb5 Qb6 22. Be3 a6 23. Nc3 Qa5 24. Rbd1 Bxc3 25. Rxd7 Rxd7 26. bxc3 f6 27. Bg5 Qb6 28. Bh6 Kf7 29. Be3 a5 30. a3 Qe6 31. Bxc5 Qxe2 32. Rxe2 Ba6 33. Bb6 Rd1+ 34. Kf2 Bxc4 35. Re4 Ba6 36. Rd4 Rc1 37. Rd2 a4 38. g4 h5 39. gxh5 gxh5 40. Kg3 Bb5 41. Be3 Re1 42. Bf2 Re2 43. Rxe2 Bxe2 44. f4 Bd1 45. f5 Bxc2 46. Kf4 Bb3 47. Be3 Ke8 1/2-1/2

[Event "LSS No Engine Cup 87 Preliminary 5"]
[Site "LSS email"]
[Date "2013.05.06"]
[Round "?"]
[White "Yap, Sebastian"]
[Black "Pech, Jaroslav Sr"]
[Result "1-0"]
[WhiteElo "1457"]
[BlackElo "1454"]
[PlyCount "111"]
[EventDate "2013.05.07"]
[EventType "tourn (corr)"]
[EventRounds "6"]
[EventCountry "GER"]
[SourceTitle "Telechess CBM 163"]
[Source "ChessBase"]
[SourceDate "2014.11.11"]
[SourceVersion "2"]
[SourceVersionDate "2014.11.11"]
[SourceQuality "1"]

1. d4 d5 2. c4 c6 3. Nf3 Nf6 4. Nc3 dxc4 5. a4 Bf5 6. e3 e6 7. Bxc4 Bb4 8. 0-0 0-0 9. Qe2 Nbd7 10. e4 Bg6 11. Bd3 Bh5 12. e5 Nd5 13. Nxd5 cxd5 14. Qe3 Be7 15. Bd2 Nb8 16. Ne1 Bg6 17. Bxg6 hxg6 18. f4 Qb6 19. Bc3 a5 20. Rf3 Na6 21. Qe2 Nb4 22. Rh3 Rac8 23. Nf3 Rc4 24. Ng5 f5 25. exf6 Bxf6 26. Nf3 Qd6 27. Kh1 Nc6 28. Qe3 Rf7 29. g4 Bxd4 30. Nxd4 Nxd4 31. Bxd4 Qxf4 32. Qxf4 Rxf4 33. Bb6 Rc2 34. Bxa5 Rxg4 35. b3 d4 36. Rf1 Rg5 37. Bb4 Rf5 38. Kg1 e5 39. Rhf3 Kf7 40. Rxf5+ gxf5 41. Rxf5+ Ke6 42. Rg5 e4 43. Rxg7 e3 44. h4 d3 45. Re7+ Kf5 46. Rxe3 d2 47. Bxd2 Rxd2 48. h5 Rd6 49. Kf2 Rd2+ 50. Kg3 Rd6 51. b4 b6 52. Rc3 Kf6 53. b5 Rd4 54. Rc6+ Kg5 55. Rxb6 Rxa4 56. h6 1-0

[Event "LSS No Engine Cup 87 Preliminary 5"]
[Site "LSS email"]
[Date "2013.05.06"]
[Round "?"]
[White "Yap, Sebastian"]
[Black "Popov, Misha"]
[Result "1-0"]
[WhiteElo "1457"]
[BlackElo "905"]
[PlyCount "55"]
[EventDate "2013.05.07"]
[EventType "tourn (corr)"]
[EventRounds "6"]
[EventCountry "GER"]
[SourceTitle "Telechess CBM 163"]
[Source "ChessBase"]
[SourceDate "2014.11.11"]
[SourceVersion "2"]
[SourceVersionDate "2014.11.11"]
[SourceQuality "1"]

1. d4 e6 2. e4 d5 3. Nc3 Nf6 4. e5 Ng8 5. Nf3 c5 6. Be3 c4 7. b3 cxb3 8. axb3 Bb4 9. Bd2 Bd7 10. Bd3 h6 11. 0-0 Nc6 12. Nb5 a6 13. Bxb4 axb5 14. Rxa8 Qxa8 15. Bd6 Nge7 16. Bxb5 Nc8 17. c4 Nxd6 18. exd6 0-0 19. c5 Qa5 20. Bxc6 bxc6 21. Qa1 Ra8 22. Qxa5 Rxa5 23. Ne5 Ra7 24. Nxd7 Rxd7 25. Ra1 Rb7 26. g3 f5 27. Ra6 Rxb3 28. Ra8+ 1-0

[Event "LSS No Engine Cup 76 Preliminary 7"]
[Site "LSS email"]
[Date "2012.11.08"]
[Round "?"]
[White "Jaszczowski, Zdzislaw"]
[Black "Yap, Sebastian"]
[Result "0-1"]
[WhiteElo "803"]
[BlackElo "1361"]
[PlyCount "44"]
[EventDate "2012.11.09"]
[EventType "tourn (corr)"]
[EventRounds "6"]
[EventCountry "GER"]
[SourceTitle "Telechess CBM 159"]
[Source "ChessBase"]
[SourceDate "2014.03.17"]
[SourceVersion "1"]
[SourceVersionDate "2014.03.17"]
[SourceQuality "1"]

1. d4 Nf6 2. c4 e6 3. Nf3 d5 4. cxd5 exd5 5. Nc3 h6 6. Bf4 Bd6 7. Ne5 0-0 8. e3 Re8 9. Be2 Bf5 10. g4 Be4 11. Nxe4 Nxe4 12. f3 Qh4+ 13. Bg3 Nxg3 14. Kd2 Nxh1 15. Nd3 Qe7 16. Ne5 Bxe5 17. dxe5 Qxe5 18. Qxh1 Qxe3+ 19. Kc2 Qxe2+ 20. Kb3 Re3+ 21. Kb4 Qc4+ 22. Ka5 Nc6# 0-1

[Event "LSS No Engine Cup 76 Preliminary 7"]
[Site "LSS email"]
[Date "2012.11.08"]
[Round "?"]
[White "Yap, Sebastian"]
[Black "Gudok, Viktor V"]
[Result "1/2-1/2"]
[WhiteElo "1361"]
[BlackElo "1802"]
[PlyCount "74"]
[EventDate "2012.11.09"]
[EventType "tourn (corr)"]
[EventRounds "6"]
[EventCountry "GER"]
[SourceTitle "Telechess CBM 159"]
[Source "ChessBase"]
[SourceDate "2014.03.17"]
[SourceVersion "1"]
[SourceVersionDate "2014.03.17"]
[SourceQuality "1"]

1. e4 c5 2. Nf3 d6 3. d4 cxd4 4. Nxd4 Nf6 5. Nc3 g6 6. Be3 Bg7 7. f3 0-0 8. Qd2 Nc6 9. 0-0-0 d5 10. exd5 Nxd5 11. Nxc6 bxc6 12. Nxd5 cxd5 13. Qxd5 Qc7 14. Qc5 Qb7 15. b3 Bf5 16. Bd3 Rac8 17. Qa5 Rc3 18. Bxf5 Rxe3 19. Be4 Qb8 20. g3 Qc8 21. g4 Qb8 22. Kb1 Qf4 23. Rd8 Bc3 24. Rxf8+ Kxf8 25. Qxa7 Re2 26. a3 Qxh2 27. Rf1 Qd6 28. b4 Bxb4 29. axb4 Qxb4+ 30. Ka2 Qc4+ 31. Kb2 Qb4+ 32. Ka2 Qc4+ 33. Kb2 Qb4+ 34. Ka1 Qc3+ 35. Kb1 Qb4+ 36. Ka1 Qc3+ 37. Kb1 Qb4+ 1/2-1/2

[Event "LSS No Engine Cup 76 Preliminary 7"]
[Site "LSS email"]
[Date "2012.11.08"]
[Round "?"]
[White "Yap, Sebastian"]
[Black "Huseby, Juan Carlos"]
[Result "1-0"]
[WhiteElo "1361"]
[BlackElo "535"]
[PlyCount "39"]
[EventDate "2012.11.09"]
[EventType "tourn (corr)"]
[EventRounds "6"]
[EventCountry "GER"]
[SourceTitle "Telechess CBM 159"]
[Source "ChessBase"]
[SourceDate "2014.03.17"]
[SourceVersion "1"]
[SourceVersionDate "2014.03.17"]
[SourceQuality "1"]

1. e4 e5 2. Nf3 Nc6 3. Bb5 Nf6 4. 0-0 Nxe4 5. d4 Nd6 6. Bxc6 bxc6 7. dxe5 Nf5 8. Re1 Be7 9. Qd3 g6 10. b3 0-0 11. Bb2 h6 12. Nbd2 Nh4 13. Nxh4 Bxh4 14. Qc3 d5 15. exd6 f6 16. Qc4+ Kh7 17. Re7+ Kh8 18. Qxh4 h5 19. Bxf6+ Rxf6 20. Qxf6+ 1-0

[Event "CP-2012-P-00027"]
[Site "LSS email"]
[Date "2012.10.01"]
[Round "?"]
[White "Yap, Sebastian"]
[Black "Konstantinov, Maxim"]
[Result "1-0"]
[WhiteElo "1447"]
[BlackElo "2256"]
[PlyCount "135"]
[EventDate "2012.10.05"]
[EventType "tourn (corr)"]
[EventRounds "6"]
[EventCountry "GER"]
[SourceTitle "Telechess CBM 161"]
[Source "ChessBase"]
[SourceDate "2014.07.16"]
[SourceVersion "1"]
[SourceVersionDate "2014.07.16"]
[SourceQuality "1"]

1. e4 c5 2. Nf3 d6 3. d4 cxd4 4. Nxd4 Nf6 5. Nc3 a6 6. Bg5 e6 7. Qf3 Bd7 8. 0-0-0 Nc6 9. Be2 b5 10. a3 Rc8 11. Rhe1 Be7 12. Qg3 Qc7 13. Kb1 Nxd4 14. Rxd4 Bc6 15. Bd1 0-0 16. f4 Rfd8 17. f5 e5 18. Bxf6 Bxf6 19. Nd5 Bxd5 20. Rxd5 Rb8 21. Qb3 Rb6 22. Be2 Be7 23. Red1 Rc6 24. Qd3 Rc8 25. c3 Qb7 26. Qc2 Rc5 27. Qd2 a5 28. Ka2 g6 29. g4 b4 30. Rxc5 dxc5 31. Qd5 Qxd5+ 32. Rxd5 bxc3 33. bxc3 Rd8 34. Rxd8+ Bxd8 35. Kb3 Bg5 36. Ka4 Bc1 37. f6 Kf8 38. Bb5 Kg8 39. c4 Kf8 40. Kxa5 Bxa3 41. Kb6 Kg8 42. Kc6 Kf8 43. Kd5 Bb4 44. h3 Ba3 45. Kxe5 Bb2+ 46. Kd6 Bxf6 47. Kxc5 Ke7 48. Kd5 Bc3 49. e5 Bd2 50. c5 Be3 51. h4 Bd2 52. Kc6 Bc3 53. Kd5 Bd2 54. h5 Be1 55. Bc4 Kd7 56. Bb5+ Ke7 57. Bd3 Kd7 58. Bc4 Bc3 59. Bb3 Bb2 60. Bc2 Bc3 61. e6+ fxe6+ 62. Kc4 Bd2 63. hxg6 hxg6 64. Bxg6 Bg5 65. Kb5 Bd8 66. Bd3 Kc7 67. Bc4 e5 68. Bd3 1-0

[Event "OP-2012-0-02290"]
[Site "LSS email"]
[Date "2012.07.11"]
[Round "?"]
[White "Lauer, Fredric"]
[Black "Yap, Sebastian"]
[Result "0-1"]
[WhiteElo "989"]
[BlackElo "1447"]
[PlyCount "74"]
[EventDate "2012.07.07"]
[EventType "tourn (corr)"]
[EventRounds "4"]
[EventCountry "GER"]
[SourceTitle "Telechess CBM 161"]
[Source "ChessBase"]
[SourceDate "2014.07.16"]
[SourceVersion "1"]
[SourceVersionDate "2014.07.16"]
[SourceQuality "1"]

1. e4 c5 2. d4 cxd4 3. c3 dxc3 4. Nxc3 g6 5. Bc4 Nc6 6. Nf3 Bg7 7. e5 Nxe5 8. Nxe5 Bxe5 9. Bxf7+ Kxf7 10. Qd5+ Kg7 11. Qxe5+ Nf6 12. 0-0 d6 13. Qg5 h6 14. Qg3 b6 15. Be3 Qd7 16. Rad1 Qg4 17. Qxg4 Bxg4 18. f3 Bd7 19. Rc1 Rac8 20. Rfe1 Rhe8 21. Bd4 e5 22. Bf2 d5 23. Bh4 g5 24. Bg3 d4 25. Nb1 Rxc1 26. Rxc1 Nd5 27. Nd2 Kf6 28. Ne4+ Ke6 29. h3 Rc8 30. Rxc8 Bxc8 31. Nf2 Ba6 32. Ne4 Bd3 33. Kf2 Bxe4 34. fxe4 Nb4 35. Ke2 Nxa2 36. Be1 Nc1+ 37. Kf3 Nd3 0-1